00266nam a2200097Ia 4500008004100000100001400041245003400055260004700089300000800136650002400144190216s9999||||xx |||||||||||||| ||und|| aSawant Sd 4aThe Story Of Jawaharlal Nehru bPublications Division Govt. Of Indiac1971 a25p aGeneral Collections